=LDR 00000nam 2200000 4500 =001 INLIS000000000027144 =005 20130612125536 =008 ***********************************Ind** =035 ##$$0010-061300000027144 =041 ##$$a Ind =082 ##$$a 796.334 =090 ##$$a 796.334, Bat l =100 ##$$a Batty, Eric C =245 ##$$a Latihan sepak bola metode baru seragam, Eric C. Batty =260 ##$$a 2006 $b Bandung =300 ##$$a xi, 136 hlm, ilus, 21 cm =650 ##$$a Sepak bola =850 ##$$a NBPNMAT